Co zabieramy ze sobą na wakacje - Statystyki

Ogólne statystyki
  • Ten quiz został rozwiązany 13 razy
    11 od ostatniego zresetowania
  • Średni wynik to 11 z 34
Statystyki odpowiedzi
Rzeczy % Poprawnych
Buty
78%
Kapelusz
67%
Okulary przeciwsłoneczne
67%
Parasol
67%
Plecak/torbe
67%
Koc
56%
Krem
56%
Leki
56%
Pieniądze
56%
Dokumenty
44%
Jedzenie
44%
Kosmetyki
44%
Parawan
44%
Alkohol
33%
Bielizna
33%
Bikini
33%
Książke
33%
Mapa
33%
Czapke
22%
Komórkę
22%
Sandały
22%
Sukienki
22%
Zabawki
22%
Bluzki
11%
Kąpielówki
11%
Konsola
11%
Koszulę
11%
Krótkie spodnie
11%
Kurtke przeciwdeszczową
11%
Piłke
11%
Ręczniki
11%
Słuchawki
11%
Długie spodnie
0%
Ładowarki
0%
Nie znaleziono quizów pasujących do podanych kryteriów
Rozkład punktacji
Procent ludzi z każdym wynikiem
Percentyl według liczby udzielonych odpowiedzi
Twoja historia wyników
Nie rozwiązałeś tego quizu od ostatniego zresetowania